000 01031nam a22003137a 4500
003 CHAP
005 20220329141314.0
008 971010s1958 r 00010 d
010 _a66123
011 _a67095
035 _a76334
040 _cCHAP
082 _a630.5
_bY4 1958
110 _aYearbook of Agriculture.
_d1958
_9123048
245 _aLand
260 _aWashington :
_bGovernment Printing Office,
_c1958
300 _a605 p.
_b: ilus.
590 _aBATCH-UPD
_b10
_c20130110
_lUCH01
_h1430
590 _aCONVERSION
_b10
_c20130109
_lUCH01
_h1336
650 1 4 _aTierras
_xAprovechamiento
_xE.U.A.
_9113075
650 1 4 _aTierras
_xE.U.A.
_9113107
710 0 _aE.U.A. Department of Agriculture.
_934876
901 _aBK
942 _cLIBRO
949 _a630.5 Y4 1958
_bBC
_cBPA
_d-154589
_eBPA
_h19634
_i76334
_si
949 _a630.5 Y4 1958
_bBC
_cBPA
_d-154590
_eBPA
_fc.2
_h51676
_i76334
_si
949 _a630.5 Y4 1958
_bBC
_cBPA
_d-154591
_eBPA
_fc.3
_h51677
_i76334
_si
949 _a630.5 Y4 1958
_bZA
_cCBD
_d-9362
_eC
_h5882
_i76334
_si
999 _c66123
_d66123